| 000 | 00574nam a2200205 a 4500 | ||
|---|---|---|---|
| 001 | BRL_1074 | ||
| 005 | 20190320211025.0 | ||
| 008 | 081113s1982----mx-#######---#000-0#spa-# | ||
| 020 | _a968666100X | ||
| 041 | _aspa | ||
| 044 | _amx | ||
| 050 | 4 |
_aNK844 _b.A58 1982 |
|
| 245 | 1 | 0 | _aAntología de textos sobre arte popular |
| 260 |
_aMéxico _bFondo Nacional para el Fomento de las Artesanías : Fodo Nacional para Actividades Sociales _c1982 |
||
| 300 |
_a319 p. _c21 cm. |
||
| 500 | _aAu1212 | ||
| 650 | 1 | 4 |
_aArte popular _zMéxico _9882 |
| 902 | _aGRL | ||
| 942 |
_2lcc _cB |
||
| 999 |
_c9886 _d9886 |
||